Statistics for UK Railway Rolling Stock Quiz

Click here to take the quiz!

General Stats

  • This quiz has been taken 47 times
  • The average score is 28 of 36

Answer Stats

Answer% Correct
Class 43 (HST)
95%
Class 700 (Desiro City)
95%
Class 387 (Electrostar)
92%
Class 801 (Azuma)
92%
Class 802 (IET)
92%
Class 142 (Pacer)
89%
Class 221 (Voyager)
89%
Class 158 (Express Sprinter)
84%
Class 170 (Turbostar)
84%
Class 378 (Capitalstar)
84%
Class 91 (Intercity 225)
84%
Class 150 (Sprinter)
81%
Class 165 (Networker Turbo)
81%
Class 195 (Civity)
81%
Class 390 (Pendolino)
81%
Class 395 (Javelin)
81%
Class 458 (Juniper)
81%
Class 465 (Networker)
81%
Class 68 (UKLight)
81%
Class 222 (Meridian)
78%
Class 334 (Coradia Juniper)
78%
Class 345 (Aventra)
78%
Class 701 (Arterio)
78%
Class 323 (Hunslet-Barclay)
76%
Class 350 (Desiro)
76%
Class 777 (METRO)
76%
Class 180 (Coradia)
73%
Class 484 (D-Train)
73%
Class 139 (Parry People Mover)
70%
Class 450 (Desiro)
70%
Class 745 (FLIRT)
70%
Class 397 (Nova 2)
68%
Class 197 (Civity)
65%
Class 374 (e320)
57%
Class 3000 (C3K)
30%
Class 4000 (C4K)
30%

Score Distribution

Percentile by Number Answered

Percent of People with Each Score

Your Score History

You have not taken this quiz